Fast Typing A To Z In Order - Statistics

General Stats
  • This quiz has been taken 157 times
  • The average score is 25 of 26
Answer Stats
Answer % Correct
A
100%
B
97%
C
97%
D
97%
E
97%
F
97%
G
97%
H
97%
I
97%
J
97%
K
97%
L
97%
M
97%
N
97%
O
97%
P
97%
Q
97%
R
97%
S
97%
T
94%
U
94%
V
94%
W
91%
X
89%
Y
89%
Z
89%
No matching quizzes found
Score Distribution
Percent of People with Each Score
Percentile by Number Answered
Your Score History
You have not taken this quiz